Prepara educación de adultos : (Registro nro. 10081)

Detalles MARC
000 -LIDER
fixed length control field 02083nam a22003617a 4500
003 - IDENTIFICACDOR DE NÚMERO DE CONTROL
control field DO-SdBNP
005 - DATE AND TIME OF LATEST TRANSACTION
control field 20180312115823.0
008 - ELEMENTOS DE LONGITUD FIJA
fixed length control field 160511b 2002 dr 00| 0 spa d
020 ## - ISBN
International Standard Book Number 9993490121 (Módulo 5)
020 ## - ISBN
International Standard Book Number 9993490172 (Módulo 6)
020 ## - ISBN
International Standard Book Number 9993490350 (Módulo 8)
040 ## - FUENTE DE CATALOGACIÓN
Agencia que crea de manera original el registro BPMSU
Idioma de catalogación spa
Agencia que realiza la transcripción BPMSU
082 #4 - NÚMERO DE CLASIFICACIÓN DECIMAL DE DEWEY
Classification number 374.83
Item number P927e 1ro. 2002-2003
245 ## - MENCIÓN DE TITULO
Título Prepara educación de adultos :
Subtítulo 1º bachillerato /
Mención de responsabilidad Manuel García Cartagena ... [et al.] ; editor Obdulia García de Escobar
260 ## - PUBLICACIÓN, DISTRIBUCIÓN, ETC. (PIE DE IMPRENTA)
Lugar de publicación, distribución, etc Santo Domingo :
Nombre del editor, distribuidor, etc. Secretaría de Estado de Educación ;
-- Santillana ;
Fecha de publicación, distribución, etc 2002.
300 ## - DESCRIPCIÓN FÍSICA
Extensión v. :
Otros detalles físicos il. ;
Dimensiones 28 cm.
490 1# - MENCIÓN DE SERIES
Mención de serie Santillana adultos
500 ## - NOTA GENERAL
Nota general La biblioeca posee los módulos del 1 al 9
505 0# - NOTA DE CONTENIDO
Texto normalizado de contenido Primera quincena --
Título Lengua española --
-- Ciencia y tecnología --
-- Ciencias sociales --
-- Ciencia y tecnología --
-- Ciencias de la naturaleza: Biología --
-- Ciencia y tecnología --
-- Informática --
-- Ciencia y tecnología --
-- Matemáticas --
-- Ciencia y tecnología --
-- Actividades de evaluación
505 0# - NOTA DE CONTENIDO
Texto normalizado de contenido Segunda quincena --
Título Propósitos --
-- Lengua española --
-- Ciencia y tecnologia --
-- Lenguas extrangeras: inglés --
-- Science and technology --
-- Ciencias sociales --
-- Ciencia y tecnología --
-- Educación cívica --
-- Ciencia y tecnología
-- Ciencias de la naturaleza: Biología --
-- Ciencia y tecnología --
-- Matemáticas --
-- Ciencia y tecnología --
-- Actividades de evaluación --
-- Autoevaluación --
-- Respuestas autoevaluación
650 #4 - ENCABEZAMIENTO DE MATERIA--TEMÁTICO
Término temático o nombre geográfico como elemento de entrada EDUCACIÓN PRIMARIA DE ADULTOS
Subdivisión geográfica REPÚBLICA DOMINICANA
650 #4 - ENCABEZAMIENTO DE MATERIA--TEMÁTICO
Término temático o nombre geográfico como elemento de entrada EDUCACIÓN PRIMARIA
Subdivisión geográfica REPÚBLICA DOMINICANA
650 #4 - ENCABEZAMIENTO DE MATERIA--TEMÁTICO
Término temático o nombre geográfico como elemento de entrada EDUCACIÓN DE ADULTOS
Subdivisión temática general LIBROS DE TEXTOS
650 #4 - ENCABEZAMIENTO DE MATERIA--TEMÁTICO
Término temático o nombre geográfico como elemento de entrada EDUCACIÓN DE ADULTOS
Subdivisión temática general ESTUDIOS Y EJERCICIOS
650 #4 - ENCABEZAMIENTO DE MATERIA--TEMÁTICO
Término temático o nombre geográfico como elemento de entrada EDUCACIÓN DE ADULTOS
Subdivisión geográfica ENSEÑANZA BÁSICA
700 12 - ASIENTO SECUNDARIO -- NOMBRE PERSONAL
Materiales especificados García, Obdulia
710 12 - ASIENTO SECUNDARIO -- NOMBRE CORPORATIVO
Nombre corporativo o de jurisdicción República Dominicana.
Unidad subordinada Secretaria de Estado de Cultura.
830 #0 - ASIENTO SECUNDARIO DE SERIE--TÍTULO UNIFORME
Título uniforme Santillana adulto
910 ## - VALIDACIÓN
Validación Validado. Control de calidad MFF
942 ## - ADDED ENTRY ELEMENTS (KOHA)
Source of classification or shelving scheme Dewey Decimal Classification
Koha item type Libros
945 ## - INFORMACIÓN DE PROCESAMIENTO LOCAL
Información de procesamiento local Remanejada para la BNPHU 2018 / BT
956 ## - LOCAL ELECTRONIC LOCATION AND ACCESS (OCLC)
Nombre de host BTAVÁREZ
Número de acceso 10
Trayectoria BPMSU
Procesador de solicitud 0038
Existencias
Withdrawn status Lost status Source of classification or shelving scheme Damaged status Not for loan Home library Current library Date acquired Source of acquisition Total Checkouts Full call number Barcode Date last seen Price effective from Koha item type Collection code
    Dewey Decimal Classification     Biblioteca Pública Metropolitana Salomé Ureña Biblioteca Pública Metropolitana Salomé Ureña 05/11/2016 Donación   374.83 P927e 1ro. 2002 Módulo 5 BPMSU16050234 05/11/2016 05/11/2016 Libros  
    Dewey Decimal Classification     Biblioteca Pública Metropolitana Salomé Ureña Biblioteca Pública Metropolitana Salomé Ureña 05/11/2016 Donación   374.83 P927e 1ro. 2003 Módulo 6 BPMSU16050235 05/11/2016 05/11/2016 Libros  
    Dewey Decimal Classification     Biblioteca Pública Metropolitana Salomé Ureña Biblioteca Pública Metropolitana Salomé Ureña 05/11/2016 Donación   374.83 P927e 1ro. 2002 Módulo 8 BPMSU16050236 05/11/2016 05/11/2016 Libros